Your nonlearning child ; his world of upside-down /

Bibliographic Details
Main Author: Smith, Bert Kruger, 1915-
Format: Book
Language:English
Published: Boston : Beacon Press, [1968]
Subjects:

MARC

Tag First Indicator Second Indicator Subfields
LEADER 00000cam a2200000 4500
001 in00000012376
005 20151007051821.0
008 682210s1968 mau b 00110 eng
010 |a  68024374  
035 |a (OCoLC)00303309 
035 |9 AAA4939AM 
040 |a DLC  |c DLC  |d m.c.  |d TXA  |d UtOrBLW 
049 |a TXAM  |c [A12639406] 
050 0 0 |a LC4580  |b .S6 
082 0 |a 371.92 
100 1 |a Smith, Bert Kruger,  |d 1915- 
245 1 0 |a Your nonlearning child ;  |b his world of upside-down /  |c by Bert Kruger Smith ; With a preface by Robert L. Sutherland. 
264 1 |a Boston :  |b Beacon Press,  |c [1968] 
264 4 |c [©1968] 
300 |a xiv, 175 pages ;  |c 22 cm. 
336 |a text  |b txt  |2 rdacontent 
337 |a unmediated  |b n  |2 rdamedia 
338 |a volume  |b nc  |2 rdacarrier 
504 |a Bibliography: pages 167-169. 
500 |a Includes index. 
650 0 |a Brain-damaged children  |x Education. 
999 |a MARS 
999 f f |s 4a056c65-f407-36fa-b100-2980d9dc03f4  |i e5af6c42-19d5-306a-9929-039bae3f9668  |t 0 
952 f f |p normal  |a Texas A&M University  |b College Station  |c Sterling C. Evans Library  |d Evans: Library Stacks  |t 0  |e LC4580 .S6  |h Library of Congress classification  |i unmediated -- volume  |m A14812639406 
998 f f |a LC4580 .S6  |t 0  |l Evans: Library Stacks